Statistiques concernant Badge Antiquité

Cliquez ici pour prendre le quiz!

Statistiques générales

  • Ce quiz a été pris 70 fois
  • Le résultat moyen est 8 sur 9

Statistiques - réponses

QuizScore requisScore personnelcode% Correct
Décoder les chiffres romains 17/20P
100%
Les Sept Merveilles du monde 7/7T
97%
Lettres de l'alphabet grec 22/24N
95%
Métaux de l'Antiquité5/7A
93%
Dieux égyptiens par Image 8/12O
93%
Ville antique par pays 17/20N
93%
Villes antiques - Carte Quiz 14/16H
92%
Badge

PANTHEON

92%
Quiz sur les Gaules14/20E
90%

Distribution des résultats

Percentile par nombre de réponses

% des personnes avec chaque résultat

Votre développement - résultats

Vous n’avez pas pris ce quiz